| 000 | 01170nam a2200229Ia 4500 | ||
|---|---|---|---|
| 001 | 8442 | ||
| 003 | GE_BSU | ||
| 008 | 181216s||||||||xx |||||||||||||| ||und|| | ||
| 040 | _cGE_BSU | ||
| 080 | _a821.353.1-32 | ||
| 100 | _aვაჟა-ფშაველა | ||
| 245 | _aთხზულებანი: ორ წიგნად. წ. 1 | ||
| 245 | _bწ. 1: მოთხრობები, დრამატული ნაწარმოებები. | ||
| 245 | _cსარედ. კოლეგია: ნოდარ ალანია; რევაზ ინანიშვილი და სხვ. რედ.: ალექსი ჯინჭარაული. შეადგინა, შენიშვნები და ლექსიკონი დაურთო: ნიკო კეცხოველმა. | ||
| 250 | _aქართული საყმაწვილო ლიტერატურის ბიბლიოთეკა. | ||
| 260 | _aთბილისი. | ||
| 260 | _bნაკადული. | ||
| 260 | _c1972 | ||
| 300 | _a345 გვ; 22 სმ. | ||
| 653 | _aთხზულებანი | ||
| 942 | _cBK | ||
| 999 |
_c41761 _d41761 |
||